| 000 | 01981nam a2200421 c 4500 | ||
|---|---|---|---|
| 999 |
_c419010 _d419010 |
||
| 003 | BLK | ||
| 005 | 20240510090144.0 | ||
| 008 | 180409b bul|||||r ||||||| ||bul|| | ||
| 010 | _aKNG00104717000 | ||
| 020 | _a9789543652242 | ||
| 040 | _aBLK | ||
| 041 |
_aBUL _cBUL |
||
| 080 |
_aВъзпитание, образование и обучение на специални групи и лица. Дефектология _b376 _z376.016:003-028.31(076) |
||
| 080 |
_aВъзпитание, образование и обучение на специални групи и лица. Дефектология _b376 _z376.016:028.1(076) |
||
| 100 | 1 |
_aФилипова, Ралица _eпърви автор _9300765 |
|
| 139 |
_aФилипова, Ралица _bФ 50 |
||
| 245 | 1 | 0 |
_aТити рисува букви _bКнига-игра за деца и родители : помагало за деца с дислексия _cРалица Филипова; худож. Антоанета Костова. _nЧ. 1 |
| 257 | _aBGR | ||
| 260 |
_aСофия _bЕднорог _c2019 |
||
| 300 |
_bс ил. _c20Х20 см |
||
| 380 | _aDN | ||
| 500 | _aБиогр. данни за авт. отбелязани на гърба на кор. | ||
| 650 | 7 |
_9153542 _aДислексия |
|
| 653 | 7 |
_9185269 _aдислексия |
|
| 653 | 7 |
_9199098 _aучебни помагала |
|
| 700 |
_91637 _aКостова, Антоанета _eхудож. |
||
| 760 |
_h56 с. _oЧ. 1 _aФилипова, Ралица _dСофия, 2021 _tТити рисува букви : книга-игра за деца и родители : помагало за деца с дислексия |
||
| 852 |
_aЦб 307798 _bЦб |
||
| 856 | 4 |
_qpdf _i0.00 _ldisable |
|
| 856 | 4 |
_qpdf _i0.00 _ldisable |
|
| 942 |
_cKNG _n0 _s1 _010 |
||
| 944 |
_aCR _c2021-06-10 _k30551 _lБояна Костадинова |
||
| 999 | _d419010 | ||
| 999 | _d419010 | ||
| 999 | _d419010 | ||
| 999 | _d419010 | ||
| 999 | _d419010 | ||